000
00497nam a2200145Ia 4500
008
100122s9999 xx 000 0 und d
082
_b
59542
_a
133.5
100
_a
घाणेकर मधुसूदन
245
_a
जन्मतारखेतील गूढ
260
_b
इंद्रायणी साहित्य
_c
2001
300
_a
79
630
_a
जन्मतारखेतील गूढ
730
_a
जन्मतारखेतील गूढ
942
_c
BOOK
999
_c
435104
_d
435101